000 00408 a2200169 4500
001 126183
020 _a9788540304789
040 _cEscola Canadense de Niteroi
100 _aMaria Eduarda Noronha
245 1 0 _aConstruindo e Aprendendo: Matemática 5° Ano
250 _a3 ed
300 _a336 p.
_bil.
362 0 _a2012
490 0 _aConstruindo e Aprendendo
650 4 _aMatemática
942 _cBK
999 _c126183
_d126183